01618nam a2200361Ia 4500001001200000003000800012006001900020007001500039008004100054040002100095035002100116050002500137100002400162245024200186260008000428300001800508490003500526500001900561533015200580650004200732650004400774650004200818650004900860650002200909655002900931700001900960700002800979710005101007710001701058830003601075856012601111999001901237ebr10369306CaPaEBRm u cr cn|||||||||100910s2009 dcua s i000 0 eng d aCaPaEBRcCaPaEBR a(OCoLC)46887173714aHG1212b.K784 2009eb1 aKrueger, Russell C.10aEstablishing conversion values for new currency unionsh[electronic resource] :bmethod and application to the planned Gulf Cooperation Council (GCC) currency union /cprepared by Russell Krueger, Bassem Kamar, and Jean-Etienne Carlotti. a[Washington, D.C.] :bInternational Monetary Fund,Statistics Dept.,c2009. a59 p. :bill.1 aIMF working paper ;vWP/09/184 a"August 2009." aElectronic reproduction.bPalo Alto, Calif. :cebrary,d2011.nAvailable via World Wide Web.nAccess may be limited to ebrary affiliated libraries. 0aMonetary unionszPersian Gulf States. 0aCurrency questionzPersian Gulf States. 0aMonetary policyzPersian Gulf States. 0aForeign exchange rateszPersian Gulf States. 0aDollar, American. 7aElectronic books.2local1 aKamar, Bassem.1 aCarlotti, Jean-Etienne.2 aInternational Monetary Fund.bStatistics Dept.2 aebrary, Inc. 0aIMF working paper ;vWP/09/184.40uhttp://site.ebrary.com/lib/rucke/Doc?id=10369306zAn electronic book accessible through the World Wide Web; click to view c110681d110681